| 000 | 00902cab a2200337 4500 | ||
|---|---|---|---|
| 001 | ABS52579 | ||
| 008 | 090401t1995 xxu||||| |||| 00| 0 eng d | ||
| 035 | _a(Sirsi) u85279 | ||
| 041 | _aeng | ||
| 100 | _aBardouil, S. | ||
| 245 | _aValuation | ||
| 260 | _c1995 | ||
| 350 | _a0 | ||
| 490 |
_aEstates Europe _v3(10) April 1995, 10-11(2) |
||
| 520 | _aDescribes changing legislation and practice in the conduct of valuation in Spain and Lithuania. | ||
| 650 | _aASSET VALUATION | ||
| 650 | _aEASTERN EUROPE | ||
| 650 | _aINSURANCE VALUATION | ||
| 650 | _aLITHUANIA | ||
| 650 | _aMORTGAGE VALUATION | ||
| 650 | _aPORTFOLIO VALUATION | ||
| 650 | _aPRIVATISATION | ||
| 650 | _aPROPERTY MARKET | ||
| 650 | _aSPAIN | ||
| 650 | _aVALUATION PRACTICE | ||
| 690 | _aOVERSEAS-EUROPE | ||
| 690 | _aRATING AND VALUATION | ||
| 700 | _aMattick, T. | ||
| 942 | _n0 | ||
| 948 | _c04/03/1997 | ||
| 999 |
_c53616 _d53616 |
||